L' Anne automobile = Automobile Year Auto-Jahr 79/80

Shranjeno v:
Bibliografske podrobnosti
Glavni avtor: Lausanne, Edita
Format: Knjiga
Jezik:Undetermined
Izdano: Geneve
Teme:
Oznake: Označite
Brez oznak, prvi označite!
Thư viện lưu trữ: Trung tâm Học liệu Trường Đại học Cần Thơ
LEADER 00476nam a2200181Ia 4500
001 CTU_111624
008 210402s9999 xx 000 0 und d
082 |a 629.222 
082 |b A613 
100 |a Lausanne, Edita 
245 0 |a L' Anne automobile = 
245 0 |b Automobile Year Auto-Jahr 79/80 
245 0 |c Edita Lausanne 
260 |a Geneve 
650 |a Automobiles 
650 |x History 
904 |i M.Loan 
980 |a Trung tâm Học liệu Trường Đại học Cần Thơ